000 013820000a22001930004500
041 0 _aSPA
082 0 4 _aG 081 C2921o
100 1 _aCaro, Miguel Antonio (1843-1909)
245 1 0 _aObras : Filosofía, Religión, Pedagogía / Miguel Antonio Caro
260 _aBogotá, Colombia : Instituto Caro y Cuervo
300 _a1593 Pag.
505 0 0 _aescritos filosóficos -- estudio sobre el utilitarismo -- la personalidad -- tema egoísta -- carta a los redactores de "La Paz" -- deberes de la prensa libre -- autoridad es Razón -- en dónde está la autoridad -- la filosofía sensualista -- fanatismo radical -- escritos religiosos -- ¿por qué la opinión reproduce a Renán? -- "la opinión" -- contestación a "el catolicismo" -- el padre Jacinto -- lo que le interesa a los pueblos -- la raza latina -- el partido católico --libertad de cultos -- el "Syllabus" -- clericalismo y fanatismo -- la manía teológica -- el darwinismo y las misiones -- san Cirilo de Alejandría -- religión y ciencia -- Galileo -- un falso budista -- escritos pedagógicos -- la religión y las escuelas -- vivezas universitarias -- introducción Laica -- cartas del reverendo padre Lacordaire
650 1 4 _aFILOSOFIA \ RELIGION \ PEDAGOGIA
001 570
942 _cBK
999 _c32082
_d32082
336 _atexto
_btxt
_2rdacontent
337 _2rdamedia
_asin mediación
_bn
338 _2rdacarrier
_avolumen
_bnc